| 000 | 00582nam a22001817a 4500 | ||
|---|---|---|---|
| 999 |
_c20420 _d20420 |
||
| 005 | 20191217042735.0 | ||
| 008 | 190227b xxu||||| |||| 00| 0 spa d | ||
| 040 |
_aCO-BoIAVH _cCO-BoIAVH |
||
| 041 | _aeng | ||
| 090 |
_aFG _b0319 |
||
| 110 | _aINDERENA | ||
| 245 |
_aPICTORIAL GUIDE TO THE TREE AND SHRUB FLORA OF THE PALANAN DYNAMICS PLOT AND VICINITY _bNORTHERN SIERRA MADRE NATURAL PARK |
||
| 260 |
_aS.P.: _bINDERENA, _c1999. |
||
| 300 |
_aFOLLETO _c15-23cm |
||
| 710 | _aCONSERVATION INTERNATIONAL PHILIPPINES | ||
| 710 | _aRICOH | ||
| 942 |
_2z _cFolleto |
||